| 000 | 00996nas a2200253Ia 4500 | ||
|---|---|---|---|
| 001 | R706/E4478 | ||
| 003 | IT-RoPAU | ||
| 008 | 151124c99999999xx |||||||||||| ||und|| | ||
| 040 | _aIT-RoPAU | ||
| 040 | _cIT-RoPAU | ||
| 041 | _aITALIANO | ||
| 100 |
_aMarconi Luca _gCodice Aut. SPICS: 13914 |
||
| 210 | _aVERSUS | ||
| 222 | _aVersus | ||
| 245 |
_aVERSUS, N.068/069 (MAGGIO/DICEMBRE 1994) _bInsegnare la Teoria A Partire Dall'Ascolto: la Semiotica Degli Intervalli |
||
| 250 | _a1a ed. | ||
| 260 |
_aMILANO _bBOMPIANI _c1994 |
||
| 501 |
_bPaulus - SPICS - Società San Paolo EM (non-commercial uses only) _cCopyright2015 |
||
| 300 | _a12 p. [113-124] | ||
| 362 | _aN.068/069 (MAGGIO/DICEMBRE 1994) | ||
| 500 | _aScelta del Percorso. Semiotica degli Intervalli: Pertinenze e Correlazioni, Prova di Commutazione. Dall'Esperienza Alla Teoria: Ascolto e Verbalizzazione, Ascolto Sincretico e Analitico. Approcci Musicali. | ||
| 650 |
_aSEMIOTICA _vPUBBLICAZIONE PERIODICA |
||
| 942 | _cCR | ||
| 999 |
_c193262 _d193262 |
||